000 00492nam a2200169Ia 4500
999 _c26856
_d26856
003 OSt
005 20210105134440.0
008 190216s9999||||xx |||||||||||||| ||und||
040 _coclc
082 _a894.8122
_bRAM/J
100 _aRamakrishnan, K V
_97059
245 0 _aJulius Caesar /
_cK V Ramakrishnan
260 _bPoorna Publication,
_c2008.
_a Kozhikode:
300 _a98p
650 _aMalayalam Nadakam
942 _cBK
_2ddc
_h894.8122
_iRAM/J
_k894.8122
_mRAM/J